000
00271nam a2200121Ia 4500
008
190216s9999||||xx |||||||||||||| ||und||
100
_a
Saravanavel P
245
0
_a
Research Methodology
260
_b
Kitab Mahal
_c
1999
300
_a
486
650
_a
Commerce
942
_c
BK
999
_c
5660
_d
5660